Subnautica Quiz - Statistics

General Stats
  • This quiz has been taken 435 times
  • The average score is 16 of 25
Answer Stats
Hint Answer % Correct
Which leviathan is peaceful and has plants growing on it? Reefback
92%
Which leviathan is found in the Void? Ghost
86%
What is the name of the big ship that crashes at the start of the game? Aurora
85%
What vehicle will most players unlock first? Seamoth
81%
"Detecting multiple ______ class organisms, are you sure what you're doing is worth it?" Leviathan
78%
Which monster is only aggressive towards you if you have the kharaa disease? Warper
74%
Which monster can temporarily disable vehicles? Crabsquid
73%
Which monster can drop its teeth? Stalker
73%
How much titanium do you need to make a multipurpose room? 6
72%
What is the name of the sequel that few people liked? Below Zero
71%
What tool fixes machines? Repair tool
70%
Which biome has murky brown water and radiation? Crash Zone
68%
What is the name of the rocket that you can build to escape? Neptune
68%
What is the only item that you can get from 2 different outcrops? Gold
67%
Which outcrop can drop diamonds? Shale
67%
Which mob in the Safe Shallows can kill players, despite not being aggressive towards them? Gasopod
62%
Which biome has an entrance in the Bulb Zone? Lost River
62%
What is the default depth limit of the Cyclops in m? 500
61%
What biome has jellyrays and Moonpool fragments? Mushroom Forest
56%
What do you use to cure this disease? Enzyme 42
51%
Which biome says "This ecological biome has 7 of the 9 preconditions for stimulating terror in humans" upon entering it? Blood Kelp Zone
42%
Where can you keep captured fish? Alien containment
39%
What is the full name of the main character? Ryley Robinson
34%
What is objectively the scariest creature in the game? Crashfish
32%
Which company made Subnautica? Unknown Worlds Entertainment
20%
No matching quizzes found
Score Distribution
Percent of People with Each Score
Percentile by Number Answered
Your Score History
You have not taken this quiz